What Movie? Amusement Parks Quiz Stats

Quiz Updated Aug 29, 2015

Challenge
Share
Tweet
Score 0/22 Timer 06:00
2 Plays Today
% Correct
Jurassic Park
93.6%
Grease
93.4%
Despicable Me
89.8%
Grown Ups
80.3%
National Lampoon's Vacation
77.8%
Big
77.1%
Zombieland
71.4%
Hot Fuzz
65.3%
Saving Mr. Banks
64%
The Notebook
61.2%
The Sandlot
54.7%
% Correct
The Lost Boys
49%
Beverly Hills Cop III
46.1%
Adventureland
45.4%
Never Been Kissed
40.8%
The Warriors
40.2%
Norbit
40%
Pinocchio
37.8%
Face/Off
31.9%
Hannibal
31.8%
The Machinist
27.9%
The Place Beyond the Pines
16.7%

You're not logged in!

Compare scores with friends on all Sporcle quizzes.
Sign Up with Email
OR
Log In

You Might Also Like...

Show Comments

Extras

Top Quizzes Today


Score Distribution

Your Account Isn't Verified!

In order to create a playlist on Sporcle, you need to verify the email address you used during registration. Go to your Sporcle Settings to finish the process.